000 00351nam a2200133Ia 4500
008 230917s9999||||xx |||||||||||||| ||und||
040 _e134868
_aMAIN
041 _aEnglish
082 _a005.133 G713T
100 _aGottfried, Byron
245 0 _aTheory and problems of programming with c
260 _aNew Delhi
_bTata McGraw-Hill
_c1993
942 _cBK
999 _c78498
_d78498